<?xml version="1.0" encoding="UTF-8"?>
<collection xmlns="http://www.loc.gov/MARC21/slim">
 <record>
  <leader>01507nam a2200349 a 4500</leader>
  <controlfield tag="001">33312</controlfield>
  <controlfield tag="003">BD-DhAAL</controlfield>
  <controlfield tag="005">20250625110459.0</controlfield>
  <controlfield tag="008">180711t1997    th ab    b    00100 eng d</controlfield>
  <datafield tag="020" ind1=" " ind2=" ">
   <subfield code="a">9747390094</subfield>
  </datafield>
  <datafield tag="035" ind1=" " ind2=" ">
   <subfield code="a">368381</subfield>
  </datafield>
  <datafield tag="040" ind1=" " ind2=" ">
   <subfield code="a">ANL</subfield>
   <subfield code="c">ANL</subfield>
   <subfield code="d">BD-DhAAL</subfield>
  </datafield>
  <datafield tag="043" ind1=" " ind2=" ">
   <subfield code="a">a-th---</subfield>
   <subfield code="a">as------</subfield>
  </datafield>
  <datafield tag="082" ind1="0" ind2="4">
   <subfield code="a">306.09593</subfield>
   <subfield code="2">21</subfield>
  </datafield>
  <datafield tag="100" ind1="0" ind2=" ">
   <subfield code="a">Sumet Chumsai Na `Aytthaya,</subfield>
   <subfield code="d">1939-</subfield>
   <subfield code="9">26928</subfield>
  </datafield>
  <datafield tag="245" ind1="1" ind2="0">
   <subfield code="a">Naga :</subfield>
   <subfield code="b">cultural origins in Siam and the West Pacific /</subfield>
   <subfield code="c">Sumet Jumsai with contributions by R. Buckminster Fuller.</subfield>
  </datafield>
  <datafield tag="260" ind1=" " ind2=" ">
   <subfield code="a">Bangkok :</subfield>
   <subfield code="b">Chalermnit Press &amp; DD Books,</subfield>
   <subfield code="c">c1997.</subfield>
  </datafield>
  <datafield tag="300" ind1=" " ind2=" ">
   <subfield code="a">xvi, 183 pages :</subfield>
   <subfield code="b">some color illustrations, maps ;</subfield>
   <subfield code="c">25 cm.</subfield>
  </datafield>
  <datafield tag="504" ind1=" " ind2=" ">
   <subfield code="a">Includes bibliographical reference (pages 179-181) and index.</subfield>
  </datafield>
  <datafield tag="526" ind1=" " ind2=" ">
   <subfield code="a">ARC</subfield>
  </datafield>
  <datafield tag="541" ind1=" " ind2=" ">
   <subfield code="a">Department of Architecture</subfield>
   <subfield code="e">33312</subfield>
  </datafield>
  <datafield tag="650" ind1=" " ind2="0">
   <subfield code="a">Water</subfield>
   <subfield code="z">Thailand</subfield>
   <subfield code="x">Religious aspects.</subfield>
   <subfield code="9">26929</subfield>
  </datafield>
  <datafield tag="650" ind1=" " ind2="0">
   <subfield code="a">Water</subfield>
   <subfield code="z">Southeast Asia</subfield>
   <subfield code="x">Religious aspects.</subfield>
   <subfield code="9">26930</subfield>
  </datafield>
  <datafield tag="650" ind1=" " ind2="0">
   <subfield code="a">Water and civilization.</subfield>
   <subfield code="9">26931</subfield>
  </datafield>
  <datafield tag="650" ind1=" " ind2="0">
   <subfield code="a">Water in art.</subfield>
   <subfield code="9">26932</subfield>
  </datafield>
  <datafield tag="651" ind1=" " ind2="0">
   <subfield code="a">Thailand</subfield>
   <subfield code="x">Civilization.</subfield>
   <subfield code="9">26933</subfield>
  </datafield>
  <datafield tag="651" ind1=" " ind2="0">
   <subfield code="a">Southeast Asia</subfield>
   <subfield code="x">Civilization.</subfield>
   <subfield code="9">26934</subfield>
  </datafield>
  <datafield tag="700" ind1="1" ind2=" ">
   <subfield code="a">Fuller, R. Buckminster</subfield>
   <subfield code="q">(Richard Buckminster),</subfield>
   <subfield code="d">1895-1983.</subfield>
   <subfield code="9">26935</subfield>
  </datafield>
  <datafield tag="852" ind1=" " ind2=" ">
   <subfield code="a">Department of Architecture</subfield>
   <subfield code="c">General Stacks</subfield>
  </datafield>
  <datafield tag="942" ind1=" " ind2=" ">
   <subfield code="2">ddc</subfield>
   <subfield code="c">BK</subfield>
  </datafield>
  <datafield tag="999" ind1=" " ind2=" ">
   <subfield code="c">39677</subfield>
   <subfield code="d">39677</subfield>
  </datafield>
  <datafield tag="952" ind1=" " ind2=" ">
   <subfield code="0">0</subfield>
   <subfield code="1">0</subfield>
   <subfield code="2">ddc</subfield>
   <subfield code="4">0</subfield>
   <subfield code="6">306_095930000000000_SUM</subfield>
   <subfield code="7">0</subfield>
   <subfield code="9">63718</subfield>
   <subfield code="a">BRACUL</subfield>
   <subfield code="b">BRACUL</subfield>
   <subfield code="c">GEN</subfield>
   <subfield code="d">2018-07-11</subfield>
   <subfield code="e">Department of Architecture </subfield>
   <subfield code="l">0</subfield>
   <subfield code="o">306.09593 SUM</subfield>
   <subfield code="p">3010033312</subfield>
   <subfield code="r">2018-07-11</subfield>
   <subfield code="t">1</subfield>
   <subfield code="w">2018-07-11</subfield>
   <subfield code="y">BK</subfield>
   <subfield code="x">Transferred from ARC to BRACUL on 28/12/2023</subfield>
  </datafield>
 </record>
</collection>
